000 00529nam a2200169Ia 4500
999 _c914
_d914
003 OSt
005 20200915142016.0
008 190216s9999||||xx |||||||||||||| ||und||
040 _coclc
082 _a492.7
_bJAM/C
100 _aJamali, A Basheer Ahmed
_94603
245 2 _aA Comparison Of Arabic English Syntax = Muqharana Bainannahvil Arabi Val Ingileezi /
_cA Basheer Ahmed Jamali
260 _bArabnet,
_aCalicut:
300 _a344p
650 _aArabic
942 _cBK
_2ddc
_h492.7
_iJAM/C
_k492.7
_mJAM/C